书目信息 |
| 题名: |
海洋秘密的趣味解析
|
|
| 作者: | 韩德复 编著 | |
| 分册: | ||
| 出版信息: | 北京 现代出版社 2021.3 |
|
| 页数: | 153页 | |
| 开本: | 23cm | |
| 丛书名: | ||
| 单 册: | ||
| 中图分类: | P7 | |
| 科图分类: | ||
| 主题词: | 海洋--普及读物 | |
| 电子资源: | ||
| ISBN: | 978-7-5143-2666-6 | |
| 000 | 00821nam0 2200241 45 | |
| 001 | 012001002423 | |
| 005 | 20140914095637.0 | |
| 010 | @a978-7-5143-2666-6@dCNY29.80 | |
| 100 | @a20150122d2014 em y0chiy50 ea | |
| 101 | 0 | @achi |
| 102 | @aCN@b110000 | |
| 105 | @aa z 000yy | |
| 106 | @ar | |
| 200 | 1 | @a海洋秘密的趣味解析@Ahai yang mi mi de qu wei jie xi@b专著@e海洋巡航之旅@f韩德复编著 |
| 210 | @a北京@c现代出版社@d2021.3 | |
| 215 | @a153页@c图@d23cm | |
| 300 | @a宇宙科学密码 | |
| 330 | @a本书分为神秘的大海、美丽的景观、暴虐的性格、难解的奥秘。主要内容包括:海洋是如何形成的;海水为什么是咸的;是什么造就了海岛;海岸线变动之谜;海底真面目能否揭开等。 | |
| 606 | 0 | @a海洋@j普及读物 |
| 690 | @aP7@v5 | |
| 701 | 0 | @a韩德复@Ahan de fu@4编著 |
| 801 | 0 | @aCN@bBJSDL@c20211011 |
| 905 | @b1339668-71@dP7@e131@f4 | |
| 海洋秘密的趣味解析:海洋巡航之旅/韩德复编著.-北京:现代出版社,2021.3 |
| 153页:图;23cm |
| 宇宙科学密码 |
| ISBN 978-7-5143-2666-6:CNY29.80 |
| 本书分为神秘的大海、美丽的景观、暴虐的性格、难解的奥秘。主要内容包括:海洋是如何形成的;海水为什么是咸的;是什么造就了海岛;海岸线变动之谜;海底真面目能否揭开等。 |
| ● |
| 相关链接 |
|
|
|
|
正题名:海洋秘密的趣味解析
索取号:P7/131
 
预约/预借
| 序号 | 登录号 | 条形码 | 馆藏地/架位号 | 状态 | 备注 |
| 1 | 1339668 | 213396680 | 第二样本阅览室/ [索取号:P7/131] | 在馆 | |
| 2 | 1339669 | 213396699 | 第三借阅区/ [索取号:P7/131] | 在馆 | |
| 3 | 1339670 | 213396706 | 第三借阅区/ [索取号:P7/131] | 在馆 | |
| 4 | 1339671 | 213396715 | 第三借阅区/ [索取号:P7/131] | 在馆 |